[Event "Znojmo"]
[Site "?"]
[Date "2003.09.27"]
[Round "9.21"]
[White "Preiser, Henrik"]
[Black "Smejc, Jiri"]
[Result "0-1"]
[WhiteElo "1813"]
[BlackElo "1748"]
[Annotator "Stross"]
[PlyCount "36"]
[EventDate "2003.??.??"]

1. e4 c5 2. Nf3 d6 3. d4 cxd4 4. Nxd4 Nf6 5. Nc3 g6 {
Docela me prekvapilo, ze se Jirka pustil do draci dzungle.} 6. Be3 Bg7 7. Bc4
O-O 8. f3 Nc6 9. Qd2 Bd7 10. O-O-O Rc8 11. Bb3 Ne5 12. h4 Nc4 ({
Podle mych osobnich zkusenosti ma bily tezsi ulohu po} 12... h5) 13. Bxc4 Rxc4
14. h5 Nxh5 15. Rxh5 $2 {Zjevne nekorektni obet kvality.} ({
Temer bez vyjimky se zde hraje} 15. g4 Nf6 {a partie vlastne teprve zacina...})
15... gxh5 16. Bh6 Qa5 ({Dobre bylo i} 16... Bxd4 17. Qg5+ Kh8 18. Rxd4 Rg8 19.
Qd2 Rxd4 20. Qxd4+ f6 $19) ({V partii Kracht - Lukas, Wichern 1996 se hralo} 
16... Rxc3 $4 {, nacez bily mohl vynutit okamzity mat po} 17. Qg5) 17. Nf5 Bxh6
18. Nxe7+ $2 ({Houzevnatejsi bylo} 18. Qxh6 Bxf5 19. Qg5+ Kh8 (19... Bg6 $4 20.
Qxa5 $18) 20. exf5 {, ale kvalita navic by stejne mela rozhodnout.}) 18... Kg7
0-1

[Event "Znojmo"]
[Site "?"]
[Date "2003.09.24"]
[Round "6"]
[White "Hacaperka, Michal"]
[Black "Kotlaba, Jiøí"]
[Result "1-0"]
[WhiteElo "1747"]
[BlackElo "1746"]
[Annotator "Hacaperka"]
[PlyCount "67"]

1. e4 Nf6 2. e5 Nd5 3. c4 Nb6 4. d4 d6 5. f4 dxe5 6. fxe5 Nc6 7. Nf3 $6 {
bily bude mit problem s vazbou kralovskeho jezdce} (7. Be3) 7... Bg4 8. Be3 e6
9. a3 Be7 (9... Bxf3 10. gxf3 {
s jasnou vyhodou cerneho. Bily ma zranitelne centrum a holeho krale.}) 10. Nc3
O-O (10... Bh4+ {
Cerny ma proste temer vyhranou pozici, muze za to 7.tah bileho.} 11. g3 Nxe5
$19) 11. Be2 Bxf3 12. gxf3 Qd7 $6 {sach strelcem na h4 by byl pro bileho velmi
neprijemny. Cerny bojuje proti slabemu pesci na d4.} (12... Bh4+ 13. Kf1 f6 14.
Kg2 fxe5 15. dxe5 Nxe5 16. Qxd8 Raxd8 17. b3 {
bila dvojice strelcu kompenzaci za pesce nenahrazuje, bily kral je oslaben})
13. Ne4 {po dlouhem premysleni, jak trochu zachranit bilou pozici} 13... Rad8 {
a pesec d4 je nekrytelny. Cerneho vsak ceka prekvapeni} 14. Nc5 $1 {Proc vykric
nik? Pozice bileho je spatna a tezko se hleda tah. Vtip je jen ten, ze po
brani jezdce nevisi pro napadeni jezdce na b6 pesec e5.} 14... Bxc5 (14... Bh4+
{vede k naprosto neprehlednym pozicim} 15. Kf1 Qc8 16. Rg1 Nxe5 17. Qc2 Nc6 18.
Rg4 Be7 (18... Bf6 19. Ne4 Be7 (19... Bxd4 $4 20. Bxd4) 20. Bh6 g6 21. Bxf8
Nxd4 22. Qd2 Nxe2 23. Qxe2 Kxf8 {s nejasnou hrou}) 19. Bh6 Bf6 20. Ne4 Bxd4 21.
Bxg7 f5 22. Bxf8+ Kxf8 23. Rh4 fxe4 24. Qxe4 {
s divokou hrou, cerny by mel ale vyvaznout se zdravou kuzi}) (14... Qc8 {
ustup damou je pro cerneho asi nejlepsi, branit se musi nekolika hrozbam jen
bily} 15. b4 (15. Nb3 Nxd4 $1) 15... Bh4+ 16. Kf1 Nxe5 {
a cerny ziska pesce bez komplikaci}) 15. dxc5 Qxd1+ 16. Rxd1 Rxd1+ $6 (16...
Na4 17. b4 Rxd1+) 17. Kxd1 Rd8+ 18. Kc2 Nc8 19. f4 {
a bily s vypetim vsech sil vyvazl ze vseho nebezpecenstvi.} 19... Nd4+ 20. Bxd4
Rxd4 21. Rd1 Rxd1 22. Bxd1 Ne7 23. Kd3 {a bily ma jasny plan - uplatnit
pescovou prevahu na damskem kridle za pomoci strelce, ktery prejde na silne
pole f3.} 23... f6 24. b4 fxe5 25. fxe5 a5 {
oslabeni, ktere bilemu usnadni svuj plan} (25... Ng6) (25... Kf7) 26. b5 g5 27.
Bf3 b6 (27... c6 {take nepomaha, rozhodne pochod bileho krale na damske kridlo}
28. Kc3 Kf7 (28... Ng6 29. bxc6) 29. Kb3 Ng6 30. Bh5 Kg7 31. Bxg6 Kxg6 32. Ka4
Kf5 33. Kxa5 Kxe5 34. Kb6) 28. cxb6 cxb6 29. c5 Nc8 30. Bb7 Na7 31. a4 (31.
cxb6 {je ocividne, bily ale hraje pozicne na znemozneni kone. Mohl si ale
vybrat i efektni tah...}) (31. Bd5) 31... Nxb5 32. axb5 bxc5 33. Bc8 Kf7 34. b6
1-0

[Event "Znojmo "]
[Site "?"]
[Date "2003.09.25"]
[Round "7"]
[White "Bílek, Roman"]
[Black "Hacaperka, Michal"]
[Result "0-1"]
[WhiteElo "2055"]
[BlackElo "1747"]
[Annotator "Hacaperka"]
[PlyCount "140"]

1. d4 Nf6 2. c4 g6 3. Nc3 Bg7 4. e4 d6 5. Nf3 O-O 6. Be2 e5 7. O-O {
Nejpruznejsi pokracovani.} 7... a5 {Nejlepsi odpovedi bylo 7...Jc6 nebo
pozicni 7...Jbd7. Bily ale klasickou variantu kralovske indicke dobre znal,
proto jsem chtel odbocit. Tah a5 s dalsim vyvinem jezdce na a6 dost stezuje
bilemu hru na damskem kridle. Tento postup cerneho je vhodny po zablokovanem
stredu, jestlize bily hraje 7.d5. Proto dalsi postup bileho s vyjasnenim
stredu je spravny.} 8. dxe5 dxe5 9. Qxd8 Rxd8 10. Bg5 {
Bily stoji lepe, ma naskok ve vyvinu a na musce pesce e5.} 10... c6 {
K omezeni pusobnosti jezdce c3.} 11. Rad1 (11. Nxe5 h6 12. Rad1 Re8 13. Bxf6
Bxf6 {a cerny se za pesce trochu uvolni a zbyde mu dvojice strelcu.}) 11... Re8
12. Rd6 {Bily rozestavuje figury na aktivni pole.} 12... Nh5 13. Rfd1 f6 14.
Be3 {cerny se pokousi figury bileho zahnat zpet.} 14... Na6 15. c5 $6 {
bily uvolnuje pole c4 pro belopolneho strelce, kde bude mit pod kontrolou
skoro celou sachovnici. Bily ale take mohl hrat 15.Sb6 a vzit pod kontrolu
pole d8.} 15... Bf8 16. Bc4+ Kh8 17. Rd8 $6 {Spis mel menit na a6.} 17... Bg4
18. Rxa8 Rxa8 19. Na4 Re8 20. a3 {nevyrazny tah.} 20... Be7 21. Kf1 Rd8 22.
Rxd8+ Bxd8 {
Cerny se vymenami vsech vezi trochu uvolnil, bily presto stoji trochu lepe.}
23. Nd2 Ng7 {
Cerny se snazi odstranit ze sachovnice aktivniho belopolneho strelce bileho.}
24. f3 Be6 25. Ke2 Bxc4+ 26. Nxc4 Bc7 27. Kd3 Ne6 {Cerny ma alespon dobre
postaveneho kone. Planem bileho je pokryt pesce c5 kralem a strelcem a jezdcem
zautocit na pesce a5.} 28. Nd2 Kg8 29. Kc4 Kf8 {
Na hodinach ma cerny 30 vterin, bily 8 min.} 30. Nb3 Ke7 31. Bd2 Nf4 {
jedine aktivita muze zachranit cerneho.} 32. g3 Ne6 33. h4 f5 34. Bxa5 Bb8 {
cerny nemuze pustit jezcde bileho na a5, kam mohl  zamirit po vzmene strelcu.}
35. Bc3 Bc7 36. Nc1 Ng7 (36... Nexc5 $1 37. Nxc5 b5+ 38. Kd3 Nxc5+) 37. b4 Nh5
38. Ne2 fxe4 39. fxe4 Nf6 40. Kd3 Ke6 41. Nb2 b6 42. cxb6 Bxb6 {cerny aktivizov
al strelce a pres c7 muze rozehrat i kone. Partie se ale promenila v blicku,
bily mohl jednoduchym taktickym uderem zisket dalsiho pesce.} 43. Nc4 (43. Bxe5
$1) 43... Bc7 44. Nd2 Ng4 45. Nf3 Nf2+ {
A cerny jezdec dela bilemu problemy, behem parti se pekne proskakal.} 46. Kc4
Nxe4 47. Be1 Nd6+ 48. Kb3 Kf5 49. Bc3 Ne4 50. Be1 Nd6 51. a4 {
bily se snazi vytezit neco z pescove prevahy na damskem kridle.} 51... h6 52.
g4+ Ke4 {A cerny kral jde do boje proti trem figuram bileho!} 53. Nd2+ Kd3 54.
Nc3 e4 {A partie zacina byt dokonce zajimava :-).} 55. Bg3 Kxd2 56. Bxd6 e3 57.
Bxc7 Nxc7 {A konecne si zahraje i celou partii necinny Ja6.} 58. Kc4 e2 $6 (
58... Nd5 59. Ne4+ Kd1 60. Kd3 e2 61. Nf2+ Ke1 62. Ne4 Nxb4+ $19) 59. Nxe2 Kxe2
60. Kc5 Na6+ 61. Kxc6 Nxb4+ 62. Kb5 Nd5 {koncovka je remizova, ale...} 63. Kc5
Nc7 64. Kd6 {...bily se snazi partii vyhrat...} 64... Na6 65. Ke5 Kf3 66. g5
hxg5 67. hxg5 Kg4 68. Kf6 Kh5 69. a5 Nb4 70. Ke5 {
a jeste mala chybicka v zaveru.} 70... Nc6+ {a bily se vzdal.} 0-1